000 00550nam a2200157 i 4500
001 21641
003 ES-MaACL
005 20230906152523.0
007 t|
008 021126s1913 sp ||||1| spa d
100 1 _aAlcázar González-Zamorano, Manuel.
_919537
245 1 0 _aTeoría de la libertad
_b: discurso leído en el Ateneo Albacetense en la apertura del curso académico de 1912 a 1913 /
_cManuel Alcázar González-Zamorano.
260 _aAlbacete :
_b[s.n.],
_c1913.
710 2 _aAteneo Albacetense.
_91841
852 _aES-MaACL
_jT-1340-F-5
999 _c21641
_d21641